Season 6 SNL Hosts by Picture - Statistics

General Stats
  • This quiz has been taken 42 times
  • The average score is 4 of 12
Answer Stats
Picture Answer % Correct
Bill Murray
95%
Elliott Gould
78%
Jamie Lee Curtis
78%
Debbie Harry
68%
Malcom McDowell
33%
Charlene Tilton
18%
Karen Black
15%
Ellen Burstyn
13%
Robert Hays
13%
David Carradine
10%
Sally Kellerman
5%
Ray Sharkey
3%
No matching quizzes found
Score Distribution
Percent of People with Each Score
Percentile by Number Answered
Your Score History
You have not taken this quiz